Opérations de départements aléatoires - Statistiques

Statistiques générales
  • Ce quiz a été pris 33 fois
  • Le résultat moyen est 11 sur 16
Statistiques - réponses
Hint Réponse % Correct
Haute-Savoie / Haute-Savoie Ain
100%
Aisne * Allier Alpes-Maritimes
100%
Seine-Maritime - Haute-Saône Alpes-Maritimes
100%
Seine-et-Marne - Rhône Ardennes
100%
Ain * Ardennes Ardennes
100%
Nièvre - Lozère Aube
100%
Gard + Indre-et-Loire Bas-Rhin
100%
Morbihan + Aude Bas-Rhin
100%
Deux-Sèvres - Pyrénées-Atlantiques Cantal
100%
Somme - Lozère Gers
100%
Haut-Rhin - Indre Gers
100%
Ille-et-Vilaine + Charente-Maritime Haute-Marne
100%
Haute-Vienne - Charente-Maritime Haute-Saône
100%
Hautes-Alpes + Rhône Haute-Savoie
100%
Eure + Lot-et-Garonne Haute-Savoie
100%
Tarn - Charente Hautes-Pyrénées
100%
Vienne - Maine-et-Loire Indre-et-Loire
100%
Haute-Saône - Eure-et-Loir Loire
100%
Corrèze + Creuse Loire
100%
Aisne * Côte-d ' Or Loire
100%
Aisne + Loiret Lot-et-Garonne
100%
Paris - Eure-et-Loir Lot-et-Garonne
100%
Allier * Charente Lozère
100%
Bouches-du-Rhône + Ille-et-Vilaine Lozère
100%
Finistère + Côte-d ' Or Manche
100%
Ardèche * Ardennes Morbihan
100%
Ain + Nièvre Nord
100%
Ardèche + Morbihan Puy-de-Dôme
100%
Charente-Maritime + Hautes-Pyrénées Tarn-et-Garonne
100%
Rhône + Bouches-du-Rhône Tarn-et-Garonne
100%
Paris + Cantal Territoire de Belfort
100%
Aisne * Loire-Atlantique Vosges
100%
Yonne * Ain Yonne
100%
Lot-et-Garonne + Gard Seine-et-Marne
86%
Alpes-Maritimes / Allier Aisne
80%
Ille-et-Vilaine + Loire-Atlantique Deux-Sèvres
80%
Marne - Eure Dordogne
80%
Calvados * Allier Loire
80%
Puy-de-Dôme - Cher Loiret
80%
Creuse + Drôme Maine-et-Loire
80%
Maine-et-Loire / Ain Maine-et-Loire
80%
Aisne + Meuse Moselle
80%
Marne / Allier Charente-Maritime
75%
Loire + Eure-et-Loir Haute-Saône
75%
Bouches-du-Rhône + Drôme Jura
75%
Yonne - Loiret Loire-Atlantique
75%
Ardèche * Aude Seine-et-Marne
75%
Seine-Saint-Denis - Aube Var
75%
Gironde - Aude Côtes- d'Armor
71%
Lozère - Creuse Doubs
71%
Côtes- d'Armor + Lot-et-Garonne Rhône
71%
Seine-et-Marne - Seine-Maritime Ain
67%
Haute-Loire + Lozère Essonne
67%
Oise + Ardennes Haut-Rhin
67%
Ariège + Indre Loiret
67%
Moselle - Ariège Lozère
67%
Alpes-Maritimes + Loiret Marne
67%
Savoie - Cher Meuse
67%
Essonne - Aude Somme
67%
Hautes-Alpes + Seine-et-Marne Tarn-et-Garonne
67%
Tarn-et-Garonne / Loir-et-Cher Aisne
60%
Aveyron + Somme Hauts-de-Seine
60%
Savoie - Isère Ille-et-Vilaine
60%
Haute-Marne + Allier Meuse
60%
Indre + Lot-et-Garonne Var
57%
Meurthe-et-Moselle / Eure Aisne
50%
Aveyron / Alpes-Maritimes Aisne
50%
Puy-de-Dôme - Maine-et-Loire Calvados
50%
Haut-Rhin - Mayenne Cantal
50%
Moselle / Allier Corrèze
50%
Haute-Vienne - Hautes-Pyrénées Côtes- d'Armor
50%
Côte-d ' Or + Haute-Garonne Haute-Marne
50%
Hauts-de-Seine - Haute-Vienne Hautes-Alpes
50%
Hautes-Alpes * Calvados Haute-Saône
50%
Maine-et-Loire + Haute-Loire Hauts-de-Seine
50%
Aisne + Ille-et-Vilaine Indre-et-Loire
50%
Finistère + Cantal Loire-Atlantique
50%
Moselle - Aube Lot-et-Garonne
50%
Yonne - Indre Mayenne
50%
Tarn-et-Garonne - Finistère Mayenne
50%
Alpes-Maritimes + Marne Moselle
50%
Ardèche + Pas-de-Calais Rhône
50%
Ille-et-Vilaine + Meurthe-et-Moselle Yonne
50%
Aisne * Drôme Haute-Marne
43%
Cantal + Meuse Haute-Saône
43%
Sarthe / Ariège Ardennes
40%
Aube * Ardèche Haute-Saône
40%
Manche / Aisne Doubs
33%
Loire - Charente Drôme
33%
Yvelines - Ille-et-Vilaine Haute-Loire
33%
Alpes-de-Haute-Provence * Calvados Morbihan
33%
Cher + Haute-Loire Orne
33%
Tarn-et-Garonne - Cher Pyrénées-Atlantiques
33%
Loire-Atlantique + Loire-Atlantique Vosges
33%
Ardennes + Loiret Mayenne
20%
Meurthe-et-Moselle / Alpes-Maritimes Ariège
0%
Ariège + Haute-Loire Haute-Marne
0%
Pyrénées-Orientales - Orne Hautes-Alpes
0%
Vosges - Isère Manche
0%
Haute-Saône + Hautes-Alpes Paris
0%
Rhône + Ardèche Seine-Maritime
0%
Ardennes + Vendée Seine-Saint-Denis
0%
Aucun quiz correspondant
Distribution des résultats
% des personnes avec chaque résultat
Percentile par nombre de réponses
Votre historique - résultats
Vous n’avez pas pris ce quiz